000 00573nam a22002417a 4500
003 UA-OsUOA
001 28281
007 ta
008 20050315b un ||||| |||| 00| 0 ukr d
100 _aМалаков Д. В.
090 _a94(477-25)09
_bМ18
942 _cBK
040 _aUA-OsUOA
_bukr
_cUA-OsUOA
_dUA-OsUOA
245 _aКиїв 1941-1943
_bФотоальбом
300 _a265 с.
_bІлюстрації
955 _a0
041 _aukr
080 _a94(477-25)09
260 _aК.
_bКий
_c2000
044 _aUA
650 7 _2UDC
999 _c314644
_d314644